000 00546nam a22001817a 4500
005 20260224091813.0
008 260224b |||||||| |||| 00| 0 eng d
020 _a9780443110337 (pbk)
040 _cPK-LaUMT
082 _a617.6
_bRIT-S
100 _aRitter, Andre V.
_99435
245 _aSturdevant's art and science of operative dentistry /
_cby Andre V. Ritter, Lee W. Boushell and Ricardo Walter
250 _a8th ed.
260 _aMissouri :
_bElsevier,
_c2026
300 _a532 p.
650 _aDentistry operative
_99436
942 _cBK
999 _c139857
_d139857